Contabilidad Tributaria.
| Main Author: | |
|---|---|
| Format: | Section = Libro |
| Language: | Undetermined Spanish |
| Published: |
Nicaragua
[s.e]
2005
|
| Subjects: |
| LEADER | 00542nam a2200205Ia 4500 | ||
|---|---|---|---|
| 008 | 241007s9999||||xx |||||||||||||| ||und|| | ||
| 040 | |a BIBLIOTECA-RURC/ 657.46 C265 | ||
| 041 | |a spa | ||
| 082 | |a 657.46 C265 | ||
| 100 | 1 | |a Carcache, Manuel Antonio | |
| 245 | 1 | 0 | |a Contabilidad Tributaria. |
| 260 | |a Nicaragua |b [s.e] |c 2005 | ||
| 300 | |a 313 p :il. | ||
| 650 | 7 | |a CONTABILIDAD TRIBUTARIA | |
| 650 | 7 | |b IMPUESTOS - CONTABILIDAD | |
| 650 | 7 | |c DERECHO FISCAL | |
| 650 | 7 | |d MPUESTOS SOBRE LA RENTA | |
| 942 | |c BK |2 ddc | ||
| 991 | |a TEXTO | ||
| 999 | |c 14527 | ||